[Event "Emilia Romagna Province-ch"]
[Site "Formigine"]
[Date "2007.05.01"]
[Round "6"]
[White "Marani, Luca"]
[Black "Bertocchi, Fulvio"]
[Result "0-1"]
[WhiteElo "1536"]
[BlackElo "1688"]
[PlyCount "56"]
[EventDate "2007.04.28"]
[EventType "swiss"]
[EventRounds "6"]
[EventCountry "ITA"]
[SourceTitle "EXT 2009"]
[Source "ChessBase"]
[SourceDate "2008.11.26"]
[SourceVersion "1"]
[SourceVersionDate "2008.11.26"]
[SourceQuality "1"]

1. e4 e5 2. Nf3 Nc6 3. Bc4 Be7 4. 0-0 Nf6 5. Re1 0-0 6. c3 d6 7. d4 Bg4 8. h3 Bxf3 9. gxf3 Nh5 10. Kh2 Bg5 11. Bxg5 Qxg5 12. Rg1 Qf4+ 13. Kh1 Qh4 14. Qf1 exd4 15. Rg4 Qf6 16. Qg2 Ne5 17. Rg5 Nf4 18. Qg3 Nxc4 19. Rf5 Ne2 20. Qg4 Ne5 21. Qg2 Qh6 22. Na3 Rae8 23. Nb5 Re6 24. cxd4 Rg6 25. Qh2 Nd3 26. h4 Ndf4 27. h5 Rg2 28. Qh4 g5 0-1

[Event "Emilia Romagna Province-ch"]
[Site "Formigine"]
[Date "2007.04.28"]
[Round "1"]
[White "Bertocchi, Fulvio"]
[Black "Pelliconi, Vanes"]
[Result "1-0"]
[WhiteElo "1688"]
[BlackElo "2019"]
[PlyCount "88"]
[EventDate "2007.04.28"]
[EventType "swiss"]
[EventRounds "6"]
[EventCountry "ITA"]
[SourceTitle "EXT 2009"]
[Source "ChessBase"]
[SourceDate "2008.11.26"]
[SourceVersion "1"]
[SourceVersionDate "2008.11.26"]
[SourceQuality "1"]

1. e4 d6 2. d4 Nf6 3. Nc3 g6 4. Nf3 Bg7 5. Bc4 0-0 6. h3 c6 7. 0-0 Qc7 8. a3 Nbd7 9. Bf4 e5 10. dxe5 dxe5 11. Bg5 Nc5 12. Qe2 Ne6 13. Rad1 Nxg5 14. Nxg5 h6 15. Nf3 Bd7 16. Rd2 Rad8 17. Rfd1 Nh5 18. b4 b6 19. Rd6 Be6 20. Rxd8 Rxd8 21. Rxd8+ Qxd8 22. Bxe6 fxe6 23. h4 Qd6 24. Qd2 Bf8 25. Na4 Nf6 26. Qd3 Kf7 27. Nb2 Qxd3 28. Nxd3 c5 29. Nfxe5+ Kg7 30. f3 cxb4 31. axb4 a5 32. bxa5 bxa5 33. Nb2 Bc5+ 34. Kf1 Bd4 35. Ned3 Nh5 36. Nc4 a4 37. Ke2 Bc3 38. Kd1 g5 39. Nc5 Nf4 40. Nxa4 Bf6 41. e5 Be7 42. Nc3 Bb4 43. hxg5 hxg5 44. g4 Bxc3 1-0